王者荣耀所有辅助英雄皮肤 - Statistics

General Stats
  • This quiz has been taken 6 times
  • The average score is 7 of 70
Answer Stats
Answer % Correct
伊势巫女
50%
猫狗日记
50%
白蛇
50%
白鹤梁神女
50%
时之奇旅
50%
归虚梦演
25%
天狼运算者
25%
小动物乐园
25%
英喵野望
25%
天才门将
25%
蜃楼王
25%
云端筑梦师
25%
奇妙博物学
25%
高山流水
25%
地府判官
25%
繁星吟游
25%
守护之力
25%
东海龙王
25%
逐梦之光
25%
疑决卦
25%
25%
遇见神鹿
25%
归虚梦演
25%
乓乓大师
25%
未来旅行
0%
天使之翼
0%
妖精王
0%
寅虎·展翼
0%
绅士熊喵
0%
秘密基地
0%
唤灵魔甲
0%
电玩·爆裂旋风
0%
鲤鱼之梦
0%
玄嵩
0%
天秀·幻梦
0%
神迹守卫
0%
驱傩正仪
0%
乐园奇幻夜
0%
蔷薇王座
0%
舞动绿茵
0%
奇迹圣诞
0%
花朝如约
0%
电玩·兔顽号
0%
圆桌骑士
0%
饕餮
0%
华丽摇滚
0%
劲辣红锅
0%
挚爱花嫁
0%
乘龙·忆丹青
0%
灼幽烈阳
0%
阿摩司公爵
0%
幻乐之宴
0%
原初探秘者
0%
五谷丰年
0%
天穹祈灯
0%
占星师
0%
虹云星官
0%
吟游魔法
0%
极冰防御线
0%
御銮
0%
圆桌骑士
0%
梦圆繁星
0%
时之祈愿
0%
山海·碧波行
0%
真我赫兹
0%
匿光启智者
0%
探海日志
0%
画中游
0%
海盐诗旅
0%
金色潮汐
0%
No matching quizzes found
Score Distribution
Percent of People with Each Score
Percentile by Number Answered
Your Score History
You have not taken this quiz